University physics, (Record no. 544371)
[ view plain ]
| 000 -LEADER | |
|---|---|
| fixed length control field | 00562nam a22001691 4500 |
| 082 ## - DEWEY DECIMAL CLASSIFICATION NUMBER | |
| Classification number | 534 |
| Author Mark | CHA |
| -- | L-6, P-61 |
| 100 1# - MAIN ENTRY--PERSONAL NAME | |
| Personal name | Champion, F. C. |
| 9 (RLIN) | 39739 |
| 245 10 - TITLE STATEMENT | |
| Title | University physics, |
| Statement of responsibility, etc. | by F.C. Champion ... |
| Remainder of title | wave-motion and sound |
| 260 ## - PUBLICATION, DISTRIBUTION, ETC. | |
| Place of publication, distribution, etc. | London, |
| -- | Glasgow, |
| Name of publisher, distributor, etc. | Blackie & sons, ltd., |
| Date of publication, distribution, etc. | c1947. |
| 300 ## - PHYSICAL DESCRIPTION | |
| Extent | 67 p. |
| Other physical details | illus., |
| Dimensions | 23 cm. |
| 505 1# - FORMATTED CONTENTS NOTE | |
| Formatted contents note | pt. 1. General physics. |
| 526 ## - STUDY PROGRAM INFORMATION NOTE | |
| Program name | 0 |
| Interest level | 0 |
| Reading level | 0 |
| Title point value | 534_000000000000000_CHA |
| 526 ## - STUDY PROGRAM INFORMATION NOTE | |
| Program name | 0 |
| Interest level | 0 |
| Reading level | 0 |
| Title point value | 534_000000000000000_CHA |
| 650 #0 - SUBJECT ADDED ENTRY--TOPICAL TERM | |
| Topical term or geographic name entry element | MCE |
| 9 (RLIN) | 379 |
| 650 #0 - SUBJECT ADDED ENTRY--TOPICAL TERM | |
| Topical term or geographic name entry element | Physics |
| General subdivision | Problems, exercises, etc. |
| 9 (RLIN) | 39985 |
| 942 ## - ADDED ENTRY ELEMENTS (KOHA) | |
| Source of classification or shelving scheme | |
| Koha item type | Book |
| Withdrawn status | Lost status | Source of classification or shelving scheme | Damaged status | Not for loan | Permanent Location | Current Location | Date acquired | Total Checkouts | Full call number | Barcode | Date last seen | Price effective from | Koha item type |
|---|---|---|---|---|---|---|---|---|---|---|---|---|---|
| Military College of Engineering (MCE) | Military College of Engineering (MCE) | 04/17/2014 | 534 CHA | MCE-40680 | 04/17/2014 | 04/17/2014 | Book | ||||||
| Military College of Engineering (MCE) | Military College of Engineering (MCE) | 04/17/2014 | 534 CHA | MCE-109 | 04/17/2014 | 04/17/2014 | Book |
